[Event "Oberliga Nord N 2122"]
[Site "Germany"]
[Date "2022.05.15"]
[Round "4.6"]
[White "Heinsohn, Wilfried"]
[Black "Lampe, Dirk"]
[Result "1-0"]
[WhiteElo "2131"]
[BlackElo "2166"]
[PlyCount "63"]
[EventDate "2021.10.31"]
[EventType "team-tourn"]
[EventRounds "9"]
[EventCountry "GER"]
[SourceTitle "EXT 2023"]
[Source "ChessBase"]
[SourceDate "2022.10.05"]
[SourceVersion "1"]
[SourceVersionDate "2022.10.05"]
[SourceQuality "1"]
[WhiteTeam "Schwerin"]
[BlackTeam "Luebeck"]
[WhiteTeamCountry "GER"]
[BlackTeamCountry "GER"]

1. e4 c5 2. Nc3 g6 3. f4 Bg7 4. Nf3 Nc6 5. Bb5 Nd4 6. Bd3 d6 7. Nxd4 cxd4 8. Ne2 Nf6 9. Nxd4 Nxe4 10. Bxe4 Bxd4 11. c3 Bg7 12. d4 0-0 13. 0-0 Qc7 14. f5 Qb6 15. Kh1 Bd7 16. Qe1 Bc6 17. d5 Bd7 18. Rb1 Rac8 19. Bg5 Bf6 20. Be3 Qa5 21. Qf2 b6 22. Qc2 Kg7 23. Qd2 Rfe8 24. fxg6 hxg6 25. Bh6+ Kh7 26. Bg5 Rc4 27. Bd3 Bxg5 28. Qxg5 Rg4 29. Rxf7+ Kg8 30. Qh6 Kxf7 31. Rf1+ Kg8 32. Bxg6 1-0

[Event "Oberliga Nord N 1920"]
[Site "Germany"]
[Date "2020.03.01"]
[Round "7.8"]
[White "Buchholz, Sebastian"]
[Black "Heinsohn, Wilfried"]
[Result "1/2-1/2"]
[WhiteElo "2161"]
[BlackElo "2130"]
[PlyCount "57"]
[EventDate "2019.09.29"]
[EventType "team-tourn"]
[EventRounds "9"]
[EventCountry "GER"]
[SourceTitle "CBM 195 Extra"]
[Source "ChessBase"]
[SourceDate "2020.05.31"]
[SourceVersion "1"]
[SourceVersionDate "2020.05.31"]
[SourceQuality "1"]

1. e4 c5 2. Nf3 Nc6 3. d4 cxd4 4. Nxd4 g6 5. c4 Bg7 6. Be3 Nf6 7. Nc3 d6 8. Be2 0-0 9. 0-0 a6 10. Rc1 Bd7 11. a3 Rc8 12. Nxc6 Bxc6 13. f3 Qa5 14. Rc2 b5 15. Qd2 bxc4 16. Bxc4 Rfe8 17. Rfc1 Bb7 18. Ba2 Nd7 19. Nd5 Qxd2 20. Bxd2 Rxc2 21. Rxc2 e6 22. Ne3 Rc8 23. Rxc8+ Bxc8 24. b4 Nb6 25. Kf2 Bb2 26. Nc2 Bd7 27. Bb3 Bb5 28. Be3 Nc4 29. a4 1/2-1/2

[Event "Oberliga Nord N 1920"]
[Site "Germany"]
[Date "2019.10.20"]
[Round "2.7"]
[White "Moehrmann, Marcus"]
[Black "Heinsohn, Wilfried"]
[Result "0-1"]
[WhiteElo "2054"]
[BlackElo "2112"]
[PlyCount "128"]
[EventDate "2019.09.29"]
[EventType "team-tourn"]
[EventRounds "9"]
[EventCountry "GER"]
[SourceTitle "CBM 195 Extra"]
[Source "ChessBase"]
[SourceDate "2020.05.31"]
[SourceVersion "1"]
[SourceVersionDate "2020.05.31"]
[SourceQuality "1"]

1. e4 c5 2. Nf3 Nc6 3. d4 cxd4 4. Nxd4 g6 5. Nc3 Bg7 6. Be3 Nf6 7. Be2 0-0 8. Qd2 d5 9. exd5 Nxd5 10. Nxd5 Qxd5 11. Bf3 Qc4 12. b3 Qa6 13. Rd1 Nxd4 14. Bxd4 Rd8 15. Qe3 Qa5+ 16. b4 Qxb4+ 17. c3 Qa5 18. 0-0 Be6 19. Bxb7 Rab8 20. Bf3 Bc4 21. Rfe1 Bxd4 22. cxd4 e6 23. h4 h5 24. Ra1 Rb2 25. a4 Bd5 26. Bxd5 Qxd5 27. Rec1 Rb3 28. Qe5 Qxd4 29. Qxd4 Rxd4 30. a5 Rxh4 31. Rc7 Rhb4 32. Rxa7 Rb1+ 33. Rxb1 Rxb1+ 34. Kh2 g5 35. a6 Ra1 36. f3 Kg7 37. g3 Ra2+ 38. Kg1 Kg6 39. Ra8 g4 40. f4 Kf5 41. a7 Ke4 42. f5 Kxf5 43. Rh8 Rxa7 44. Rxh5+ Ke4 45. Rb5 Rd7 46. Kf2 f5 47. Rb2 Rd3 48. Rb4+ Rd4 49. Rb2 e5 50. Re2+ Kd5 51. Kg2 Rd3 52. Kf2 f4 53. gxf4 exf4 54. Re8 Rd2+ 55. Kf1 Ra2 56. Rg8 g3 57. Re8 f3 58. Rd8+ Ke6 59. Rd1 Ke5 60. Rb1 g2+ 61. Kg1 Kf4 62. Kh2 Re2 63. Ra1 Re7 64. Ra4+ Ke3 0-1

[Event "Oberliga Nord N 1718"]
[Site "Germany"]
[Date "2018.03.18"]
[Round "8.7"]
[White "Kilic, Oguz"]
[Black "Heinsohn, Wilfried"]
[Result "1-0"]
[WhiteElo "2030"]
[BlackElo "2178"]
[PlyCount "77"]
[EventDate "2017.10.08"]
[EventType "team-tourn"]
[EventRounds "9"]
[EventCountry "GER"]
[SourceTitle "EXT 2019"]
[Source "ChessBase"]
[SourceDate "2018.10.10"]
[SourceVersion "1"]
[SourceVersionDate "2018.10.10"]
[SourceQuality "1"]
[WhiteTeam "Hamburg Diogenes"]
[BlackTeam "Schwerin"]
[WhiteTeamCountry "GER"]
[BlackTeamCountry "GER"]

1. e4 c5 2. Nc3 Nc6 3. g3 g6 4. Bg2 Bg7 5. d3 d6 6. Nh3 e6 7. 0-0 Nge7 8. Be3 0-0 9. Qd2 Rb8 10. Bh6 b5 11. Bxg7 Kxg7 12. f4 Nd4 13. Nd1 b4 14. Ne3 f5 15. g4 d5 16. Qf2 dxe4 17. dxe4 fxe4 18. Bxe4 Qc7 19. Qg2 Kh8 20. Ng5 h6 21. Nh3 Ba6 22. Rf2 Rbd8 23. Re1 Bc8 24. Nc4 Ndc6 25. Bd3 Rd4 26. Re4 Kg7 27. Rxd4 Nxd4 28. Ne5 Bb7 29. Be4 Ba6 30. Rd2 Rd8 31. c3 bxc3 32. bxc3 Nb5 33. Rxd8 Qxd8 34. Qc2 Qe8 35. Qd3 Nc7 36. Qd6 Ned5 37. Bxd5 Nxd5 38. Qxa6 Qb8 39. Qd3 1-0

[Event "Oberliga Nord N 1718"]
[Site "Germany"]
[Date "2018.02.25"]
[Round "7.7"]
[White "Heinsohn, Wilfried"]
[Black "Zobel, Andrej"]
[Result "1/2-1/2"]
[WhiteElo "2178"]
[BlackElo "2042"]
[PlyCount "73"]
[EventDate "2017.10.08"]
[EventType "team-tourn"]
[EventRounds "9"]
[EventCountry "GER"]
[SourceTitle "EXT 2019"]
[Source "ChessBase"]
[SourceDate "2018.10.10"]
[SourceVersion "1"]
[SourceVersionDate "2018.10.10"]
[SourceQuality "1"]
[WhiteTeam "Schwerin"]
[BlackTeam "Eppendorf Johanneum"]
[WhiteTeamCountry "GER"]
[BlackTeamCountry "GER"]

1. e4 e5 2. Nf3 Nc6 3. Bc4 Bc5 4. c3 Nf6 5. d3 d6 6. 0-0 a6 7. Bb3 0-0 8. Re1 Ba7 9. h3 Be6 10. Bc2 h6 11. Nbd2 d5 12. Nf1 dxe4 13. dxe4 Qxd1 14. Rxd1 Nh5 15. Be3 f6 16. Ba4 Bxe3 17. Nxe3 Ne7 18. Bd7 Bf7 19. g3 Rad8 20. Nh4 g5 21. Nhf5 Nxf5 22. Nxf5 Kh7 23. Ne3 Ng7 24. b3 Be6 25. Bxe6 Nxe6 26. Kg2 Kg6 27. Kf3 h5 28. Nf5 g4+ 29. hxg4 Ng5+ 30. Ke3 hxg4 31. Rh1 Rh8 32. Rxh8 Rxh8 33. Rd1 Ne6 34. Rd7 Rh7 35. Nh4+ Kh6 36. Nf5+ Kg6 37. Nh4+ 1/2-1/2

[Event "Oberliga Nord N 1617"]
[Site "Germany"]
[Date "2017.02.19"]
[Round "6.7"]
[White "Peschke, Matthias"]
[Black "Heinsohn, Wilfried"]
[Result "0-1"]
[WhiteElo "1957"]
[BlackElo "2163"]
[PlyCount "52"]
[EventDate "2016.10.16"]
[EventType "team-tourn"]
[EventRounds "9"]
[EventCountry "GER"]
[SourceTitle "EXT 2018"]
[Source "ChessBase"]
[SourceDate "2017.10.13"]
[SourceVersion "1"]
[SourceVersionDate "2017.10.13"]
[SourceQuality "1"]
[WhiteTeam "Marmstorf"]
[BlackTeam "Schwerin"]
[WhiteTeamCountry "GER"]
[BlackTeamCountry "GER"]

1. c4 Nf6 2. g3 g6 3. Bg2 Bg7 4. e4 d6 5. Ne2 0-0 6. 0-0 c5 7. Nbc3 Nc6 8. h3 Bd7 9. d3 a6 10. f4 Rb8 11. g4 h5 12. g5 Ne8 13. f5 Ne5 14. Nd5 e6 15. f6 exd5 16. fxg7 Nxg7 17. cxd5 b5 18. Kh2 b4 19. d4 cxd4 20. Nxd4 Rc8 21. b3 Rc3 22. Bb2 Rd3 23. Qc1 Qb6 24. Nf3 Rc8 25. Qf4 Rc2 26. Nxe5 Rxh3# 0-1

[Event "BL2-Nord 1516"]
[Site "Germany"]
[Date "2016.01.31"]
[Round "6.7"]
[White "Fuchs, Judith"]
[Black "Heinsohn, Wilfried"]
[Result "1-0"]
[WhiteElo "2307"]
[BlackElo "2173"]
[PlyCount "63"]
[EventDate "2015.09.19"]
[EventType "team-tourn"]
[EventRounds "9"]
[EventCountry "GER"]
[SourceTitle "EXT 2017"]
[Source "ChessBase"]
[SourceDate "2016.10.25"]
[SourceVersion "1"]
[SourceVersionDate "2016.10.25"]
[SourceQuality "1"]
[WhiteTeam "Hamburger SK II"]
[BlackTeam "Schwerin"]
[WhiteTeamCountry "GER"]
[BlackTeamCountry "GER"]

1. e4 c5 2. Nf3 Nc6 3. d4 cxd4 4. Nxd4 g6 5. Nc3 Bg7 6. Be3 Nf6 7. Bc4 d6 8. Bb3 Ng4 9. Nxc6 bxc6 10. Bd2 0-0 11. 0-0 Qc7 12. h3 Nf6 13. Re1 a5 14. a4 Ba6 15. Qc1 Rfe8 16. Bh6 Bh8 17. Qf4 e6 18. Rad1 e5 19. Qf3 Bg7 20. Bg5 Qe7 21. Qe3 Qc7 22. Rd2 Nd7 23. Red1 Bf8 24. Bh6 Rad8 25. Bxf8 Nxf8 26. f4 Bc8 27. f5 d5 28. fxg6 hxg6 29. exd5 cxd5 30. Nxd5 Qd6 31. Qf2 Bf5 32. g4 1-0

[Event "Oberliga Nord N 1415"]
[Site "Germany"]
[Date "2015.02.01"]
[Round "6.4"]
[White "Hermesmann, Hans"]
[Black "Heinsohn, Wilfried"]
[Result "0-1"]
[WhiteElo "2299"]
[BlackElo "2163"]
[PlyCount "104"]
[EventDate "2014.09.21"]
[EventType "team-tourn"]
[EventRounds "9"]
[EventCountry "GER"]
[SourceTitle "EXT 2016"]
[Source "ChessBase"]
[SourceDate "2015.10.08"]
[SourceVersion "1"]
[SourceVersionDate "2015.10.08"]
[SourceQuality "1"]
[WhiteTeam "Hamburg SF"]
[BlackTeam "Schwerin II"]
[WhiteTeamCountry "GER"]
[BlackTeamCountry "GER"]

1. d4 Nf6 2. c4 g6 3. Nc3 Bg7 4. e4 d6 5. f3 0-0 6. Be3 c5 7. d5 a6 8. a4 e6 9. Nge2 exd5 10. cxd5 Nbd7 11. Ng3 Re8 12. Be2 h5 13. 0-0 Ne5 14. h3 Qa5 15. f4 Ned7 16. Bf3 Nb6 17. Re1 Nc4 18. Bc1 b5 19. Ra2 b4 20. Nb1 b3 21. Ra1 Rb8 22. Nc3 Nd7 23. e5 dxe5 24. f5 Nf6 25. fxg6 fxg6 26. Qd3 e4 27. Bxe4 Ne5 28. Qd1 h4 29. Nf1 Nxe4 30. Nxe4 Bf5 31. Bg5 Nd7 32. Bd2 Bd4+ 33. Kh1 Qc7 34. Nc3 Ne5 35. Bf4 Bxc3 36. bxc3 b2 37. Rb1 Bxb1 38. Qxb1 Qg7 39. Nd2 Qf6 40. Rf1 Qf5 41. Qa2 Rb7 42. d6+ Kg7 43. Bh6+ Kxh6 44. Rxf5 gxf5 45. Kh2 c4 46. Nb1 Rd8 47. Qa3 Nd3 48. a5 Rg8 49. Qa4 Rbg7 50. Qc2 Rxg2+ 51. Qxg2 Rxg2+ 52. Kxg2 Ne5 0-1

[Event "Oberliga Nord N 1415"]
[Site "Germany"]
[Date "2014.12.07"]
[Round "4.6"]
[White "Schumacher, Norbert"]
[Black "Heinsohn, Wilfried"]
[Result "1/2-1/2"]
[WhiteElo "2210"]
[BlackElo "2163"]
[PlyCount "67"]
[EventDate "2014.09.21"]
[EventType "team-tourn"]
[EventRounds "9"]
[EventCountry "GER"]
[SourceTitle "EXT 2016"]
[Source "ChessBase"]
[SourceDate "2015.10.08"]
[SourceVersion "1"]
[SourceVersionDate "2015.10.08"]
[SourceQuality "1"]
[WhiteTeam "Hamburger SK III"]
[BlackTeam "Schwerin II"]
[WhiteTeamCountry "GER"]
[BlackTeamCountry "GER"]

1. d4 Nf6 2. c4 g6 3. g3 Bg7 4. Bg2 0-0 5. Nc3 d6 6. Nf3 c6 7. 0-0 Nbd7 8. e4 Qc7 9. h3 e5 10. Be3 Re8 11. d5 c5 12. Nh4 a6 13. a4 Nf8 14. f4 exf4 15. gxf4 Nh5 16. Re1 Qd8 17. Nf3 Bxc3 18. bxc3 Rxe4 19. Bd2 Rxe1+ 20. Nxe1 Bf5 21. Qf3 Qd7 22. Nd3 Re8 23. Nf2 Nf6 24. Kh2 h5 25. a5 N8h7 26. Bf1 Ne4 27. Nxe4 Bxe4 28. Qg3 Bf5 29. Re1 Nf6 30. Rxe8+ Qxe8 31. Qe1 Qe4 32. Qxe4 Nxe4 33. Be1 Kg7 34. Kg2 1/2-1/2

[Event "Oberliga Nord N 1415"]
[Site "Germany"]
[Date "2014.09.21"]
[Round "1.5"]
[White "Heinsohn, Wilfried"]
[Black "Schmidt, Jan Peter"]
[Result "1-0"]
[WhiteElo "2163"]
[BlackElo "2263"]
[PlyCount "79"]
[EventDate "2014.09.21"]
[EventType "team-tourn"]
[EventRounds "9"]
[EventCountry "GER"]
[SourceTitle "EXT 2016"]
[Source "ChessBase"]
[SourceDate "2015.10.08"]
[SourceVersion "1"]
[SourceVersionDate "2015.10.08"]
[SourceQuality "1"]
[WhiteTeam "Schwerin II"]
[BlackTeam "Hamburg Koenigsspringer"]
[WhiteTeamCountry "GER"]
[BlackTeamCountry "GER"]

1. e4 d6 2. d4 Nf6 3. Nc3 g6 4. g3 Bg7 5. Bg2 0-0 6. Nge2 e5 7. h3 a6 8. dxe5 dxe5 9. Bg5 Nbd7 10. Qd2 b5 11. Rd1 Bb7 12. 0-0 Qe8 13. Rfe1 Nc5 14. Qe3 Ne6 15. Bh6 Bxh6 16. Qxh6 Rd8 17. Nd5 Nxd5 18. exd5 Ng7 19. Qe3 Nf5 20. Qa7 Nd6 21. Nf4 Rd7 22. Nd3 Re7 23. Nb4 f5 24. Nxa6 Bxa6 25. Qxa6 e4 26. a4 bxa4 27. c4 e3 28. f4 Rf6 29. c5 Ne4 30. Qc4 Nd2 31. Qd4 Rff7 32. d6 cxd6 33. cxd6 Nb3 34. Qc3 e2 35. Rd3 Re4 36. Bxe4 fxe4 37. Rd5 Qa8 38. Re5 Qa7+ 39. Kg2 Nd4 40. Rxe4 1-0

[Event "GER CupT 9900"]
[Site "Germany"]
[Date "2000.??.??"]
[Round "4"]
[White "Mueller, Karsten"]
[Black "Heinsohn, Wilfried"]
[Result "1-0"]
[WhiteElo "2527"]
[BlackElo "2215"]
[PlyCount "53"]
[EventDate "2000.??.??"]
[EventType "team"]
[EventRounds "4"]
[EventCountry "GER"]
[SourceTitle "EXT 2001"]
[Source "ChessBase"]
[SourceDate "2000.11.22"]
[SourceVersion "1"]
[SourceVersionDate "2000.11.22"]
[SourceQuality "1"]

1. e4 c5 2. Nf3 g6 3. c3 Bg7 4. d4 cxd4 5. cxd4 d5 6. exd5 Qxd5 7. Nc3 Qa5 8. Bc4 e6 9. 0-0 Ne7 10. Bg5 Nbc6 11. Qd2 0-0 12. Rad1 Qb4 13. Qe2 Qb6 14. Bb3 Nf5 15. d5 Ncd4 16. Nxd4 Nxd4 17. Qc4 e5 18. Be7 Re8 19. d6 Be6 20. Nd5 Qa5 21. Qc7 Qb5 22. Bc4 Qc6 23. Qxc6 bxc6 24. Nc7 Bxc4 25. Nxe8 Bxf1 26. Kxf1 f5 27. Nxg7 1-0

[Event "Oberliga Nord N 9596"]
[Site "Germany"]
[Date "1996.??.??"]
[Round "?"]
[White "Stelting, Thorsten"]
[Black "Heinsohn, Wilfried"]
[Result "1-0"]
[WhiteElo "2290"]
[BlackElo "2200"]
[PlyCount "57"]
[EventDate "1995.10.??"]
[EventType "team"]
[EventRounds "9"]
[EventCountry "GER"]
[SourceTitle "EXT 1999"]
[Source "ChessBase"]
[SourceDate "1998.11.16"]
[SourceVersion "1"]
[SourceVersionDate "1998.11.16"]
[SourceQuality "1"]

1. e4 c5 2. Nf3 Nc6 3. d4 cxd4 4. Nxd4 e5 5. Nb5 d6 6. a4 Be7 7. Bc4 Nf6 8. N1c3 a6 9. Na3 0-0 10. 0-0 Be6 11. Bd5 Qc7 12. Be3 Nb4 13. Bb3 Qc6 14. Bg5 Qc5 15. Qf3 Rfe8 16. h3 Rad8 17. Rfd1 Nc6 18. Bxf6 Bxf6 19. Nd5 Bxd5 20. Rxd5 Qb4 21. Rad1 Nd4 22. Qd3 Rc8 23. Nc4 Be7 24. a5 Ne6 25. Nxd6 Bxd6 26. Rxd6 Nc5 27. Qd5 Nxb3 28. cxb3 Re7 29. Rb6 1-0

[Event "Oberliga Nord N 9495"]
[Site "Germany"]
[Date "1995.??.??"]
[Round "?"]
[White "Heinsohn, Wilfried"]
[Black "Ritscher, Jan Paul"]
[Result "1/2-1/2"]
[WhiteElo "2210"]
[BlackElo "2320"]
[PlyCount "34"]
[EventDate "1994.10.??"]
[EventType "team"]
[EventRounds "9"]
[EventCountry "GER"]
[SourceTitle "EXT 1999"]
[Source "ChessBase"]
[SourceDate "1998.11.16"]
[SourceVersion "1"]
[SourceVersionDate "1998.11.16"]
[SourceQuality "1"]

1. e4 Nf6 2. d3 d5 3. Nd2 e5 4. Ngf3 Nc6 5. Be2 Bc5 6. 0-0 0-0 7. c3 Qe7 8. b4 Bd6 9. a3 Nd8 10. Qc2 c6 11. Re1 dxe4 12. dxe4 a5 13. Nc4 axb4 14. Nxd6 Qxd6 15. cxb4 Bg4 16. Bb2 Bxf3 17. Bxf3 Ne6 1/2-1/2